Europäische Flüsse A-Z - Statistiken

Allgemein
  • Dieses Quiz wurde 148 mal gespielt
  • Das Durchschnittsergebnis liegt bei 11 aus 26
Antwortstatistiken
Länder Hinweis Fluss % Korrekt
P Italien Fluss durch Norditalien, durchfließt Turin, Cremona und Ferrara und mündet in die Adria Po
91%
I Schweiz, Österreich, Deutschland Fluss durch St Moritz, (#I)sbruck und Rosenheim, mündet in Passau in die Donau Inn
88%
W Russland Längster Fluss Europas durch Kasan, Samara und (#W)grad (früher Stalingrad), mündet im Kaspischen Meer Wolga
88%
T Vereinigtes Königreich Fluss in Südengland, der durch London fließt Themse
85%
E Spanien Zweitlängster Fluss Spaniens durch Aragonien und Katalonien (u.a. Saragossa), mündet ins Mittelmeer Ebro
82%
R Schweiz, Frankreich Fluss durch den Genfer See und Lyon, mündet bei Arles ins Mittelmeer Rhone
79%
L Frankreich Fließt durch Orleans, Angers und Nantes in den Atlantik und gibt zwei französischen Regionen ihren Namen Loire
78%
A Italien Fluss in der Toskana durch Florenz, mündet in Pisa Arno
69%
D Russland, Belarus, Ukraine Strom durch Smolensk, Saporischschja und Kyjiw, mündet in Cherson ins Schwarze Meer Dnipro
68%
M Frankreich, Belgien, Fluss Fluss durch Verdun, Sedan, Lüttich, (#M)tricht und Venlo, Mündung fällt mit der Rheinmündung zusammen Maas
68%
H Deutschland Fluss durch Osnabrück, mündet in Meppen in die Ems. Gleichnamiges langohriges Säugetier Hase
63%
J Deutschland Kurzer Fluss in die Nordsee, mündet bei Wilhelmshaven in den gleichnamigen Meeresbusen Jade
57%
G Frankreich Fluss in Aquitanien, mündet in Bordeaux in den Atlantik Garonne
48%
N Russland Fluss zwischen dem Ladogasee und St Petersburg, gibt dem russischen Nationalhelden Alexander (#N)ski seinen Beinamen Newa
37%
Z Montenegro Fluss durch Podgorica, Namensgeber des Vorgängerfürstentums Montenegros, heißt wie ein griechischer Buchstabe Zeta
30%
U Schweden Fluss in Västerbotten, Quelle nahe der Norwegischen Grenze, mündet in einer nach dem Fluss benannten nördlichen Universitätsstadt Ume
19%
O Russland Nebenfluss der #W, durchfließt Rjasan und Kaluga, Mündungsfluss der Moskwa, mündet in Nischni Nowgorod Oka
13%
Q Polen Fluss in Südwestpolen, alte Grenze der Oberlausitz, polnischer Name Kwisa, mündet in die Oder Queis
13%
S Frankreich, Belgien, Niederlande Fluss durch Ghent, mündet bei Antwerpen in die Nordsee Schelde
10%
Y Frankreich Nebenfluss der Seine durch Auxerre und Sens in Burgund und Ile-de-France Yonne
10%
B Ukraine, Belarus, Polen Fluss mit Quelle in der Ukraine, fließt durch Brest und mündet nördlich von Warschau in Weichsel. Auch eine Südliche #B existiert in der Ukraine, welche bei Cherson ins Schwarze Meer mündet Bug
8%
F Tschechien, Deutschland Fluss mit Quelle im Erzgebirge, der sich in Sachsen mit der Zwickauer Mulde zur Mulde verbindet, nach sächsischer Stadt benannt Freiberger Mulde
8%
K Russland Längster Nebenfluss der #W durch Perm und Nabereschnyje Tschelny Kama
5%
V Nordmazedonien, Griechenland Fluss durch Mazedonien, fließt durch Skopje und mündet bei Thessaloniki, auch Axios genannt Vardar
5%
C Frankreich Fluss in Haute-De-France im Department Pas-De-Calais, mündet in den Ärmelkanal Canche
1%
X Spanien Fluss durch La Mancha und die Provinz Valencia, mündet südlich der Stadt Valencia ins Mittelmeer, nur die Valencianische Schreibweise beginnt mit X, sonst heißt der Fluss Jucar Xuquer
1%
Keine übereinstimmenden Quizze gefunden
Verteilung der Resultate
Anzahl Personen mit jedem Resultat
Perzentil nach korrekt beantworteten Fragen
Ihre Resultats-Entwicklung
Sie haben dieses Quiz noch nicht gespielt